Pueblo y política: la construcción de la Argentina moderna
Gespeichert in:
| 1. Verfasser: | |
|---|---|
| Format: | Buch |
| Sprache: | Spanisch |
| Veröffentlicht: |
Buenos Aires
Capital Intelectual
2010
|
| Ausgabe: | 1a. ed |
| Schriftenreihe: | Claves de la Historia, 4
|
| Schlagworte: | |
| Tags: |
Tag hinzufügen
Keine Tags, Fügen Sie den ersten Tag hinzu!
|
MARC
| LEADER | 00000nam a2200000 a 4500 | ||
|---|---|---|---|
| 001 | UCG6818 | ||
| 003 | CL-VaPUC | ||
| 008 | 110520e20100000AG |||||||||||||||||spa|d | ||
| 020 | |a 9789876142168 | ||
| 082 | 0 | 4 | |a 320.982 |b SAB |2 21 |
| 100 | |a Sábato, Hilda |e autora |9 455602 | ||
| 245 | 1 | 0 | |a Pueblo y política: la construcción de la Argentina moderna |
| 250 | |a 1a. ed | ||
| 300 | |a 123 p | ||
| 942 | |c BK | ||
| 945 | |d 20110520 00:00:00 |a jcampos | ||
| 260 | |a Buenos Aires |b Capital Intelectual |c 2010 | ||
| 650 | 0 | |a Política y gobierno |9 255151 | |
| 650 | 0 | |a Historia de Argentina |9 319851 | |
| 650 | 7 | |a NACION |2 CL-VaPUC |9 320308 | |
| 650 | 0 | |a Identidad nacional |9 319130 | |
| 650 | 0 | |a Modernidad |9 265371 | |
| 651 | 0 | |a Argentina |9 254888 | |
| 583 | |a last modification |c 20110520 00:00:00 |k Rodrigo Vera | ||
| 490 | 0 | |a Claves de la Historia, 4 | |
| 999 | |c 344949 |d 344947 | ||
| 952 | |0 0 |1 0 |4 0 |6 320_982000000000000_SAB_2010 |7 0 |8 A |9 443315 |a BIBHIS |b BIBHIS |d 2019-11-22 |i 4778960 |l 2 |o 320.982 SAB 2010 |p 4778960 |r 2025-01-20 |s 2024-11-11 |w 2019-11-22 |y BK |k HIS | ||